LEADER 01147nam2-2200385---450- 001 990006168070203316 005 20160913163030.0 010 $a9978-84-012-5$b(vol. 11) 035 $a000616807 035 $aUSA01000616807 035 $a(ALEPH)000616807USA01 035 $a000616807 100 $a20011205d1991----km-y0itay0103----ba 101 $aspa 102 $aIT 105 $a||||||||001yy 200 1 $a<<11.:>> Época republicana V$eel Ecuador en el último periodo$fEnrique Ayala Mora, editor$gcoordinadores del volumen Fernando Tinajero, José Moncada 205 $a1. ed. 210 $aQuito$cCorporación Editora Nacional$d1991 215 $a217 p., [4] c. di tav.$cill.$d20 cm 410 $12001 461 1$1001000616522$12001 606 0 $aEcuador$xStoria 676 $a984 702 $aAYALA MORA,$bEnrique 702 $aTINAJERO,$bFernando 702 $aMONCADA,$bJosé 801 0$aIT$bsalbc$gISBD 912 $a990006168070203316 951 $aVI.7.C. 11$b7191 ISLA 959 $aBK 969 $aUMA 979 $aMARANO$b90$c20160913$lUSA01$h1630 996 $aÉpoca republicana V$91393560 997 $aUNISA LEADER 02825oam 2200793I 450 001 9910450592603321 005 20200520144314.0 010 $a1-134-61786-0 010 $a1-280-18243-1 010 $a0-585-44706-3 010 $a9786610182435 010 $a0-203-20726-2 024 7 $a10.4324/9780203207260 035 $a(CKB)1000000000004370 035 $a(EBL)179827 035 $a(OCoLC)559388585 035 $a(SSID)ssj0000331367 035 $a(PQKBManifestationID)12117170 035 $a(PQKBTitleCode)TC0000331367 035 $a(PQKBWorkID)10325383 035 $a(PQKB)10759038 035 $a(SSID)ssj0000300893 035 $a(PQKBManifestationID)11273045 035 $a(PQKBTitleCode)TC0000300893 035 $a(PQKBWorkID)10259835 035 $a(PQKB)10992363 035 $a(SSID)ssj0000281129 035 $a(PQKBManifestationID)11214309 035 $a(PQKBTitleCode)TC0000281129 035 $a(PQKBWorkID)10305857 035 $a(PQKB)23229816 035 $aebr10017373 035 $a(MiAaPQ)EBC179827 035 $a(Au-PeEL)EBL179827 035 $a(CaPaEBR)ebr10070851 035 $a(CaONFJC)MIL18243 035 $a(OCoLC)314180237 035 $a(EXLCZ)991000000000004370 100 $a20180331d1928 uy 0 101 0 $aeng 135 $aur|n|---||||| 181 $ctxt 182 $cc 183 $acr 200 10$aJudgement and reasoning in the child /$fJean Piaget ; in collaboration with M.E. Cartalis. [et al.] 210 1$aLondon :$cRoutledge,$d1928. 215 $a1 online resource (269 p.) 225 1 $aInternational library of psychology 225 1 $aInternational library of psychology. Developmental psychology ;$v23 300 $aOriginally published: London : Routledge and K. Paul, 1928. 311 $a0-415-75797-5 311 $a0-415-21003-8 327 $aBook Cover; Title; Contents; ; GRAMMAR AND LOGIC; ; FORMAL THOUGHT AND RELATIONAL JUDGMENTS; ; THE GROWTH OF RELATIVITY IN IDEAS AND NOTIONS; ; HOW THE CHILD REASONS; ; SUMMARY AND CONCLUSIONS; ; NOTE ON THE COEFFICIENT OF EGO-CENTRISM; INDEX 330 $aOver a period of six decades, Jean Piaget conducted a program of naturalistic research that has profoundly affected our understanding of child development. 410 0$aInternational library of psychology.$pDevelopmental psychology ;$vv. 23. 410 0$aInternational library of psychology. 606 $aChild psychology 608 $aElectronic books. 615 0$aChild psychology. 676 $a155.41343 700 $aPiaget$b Jean$f1896,$0864732 701 $aCartalis$b M. E$0864733 801 0$bMiAaPQ 801 1$bMiAaPQ 801 2$bMiAaPQ 906 $aBOOK 912 $a9910450592603321 996 $aJudgement and reasoning in the child$91930199 997 $aUNINA